[Event "31è Open International d'Avoine 2016"]
[Site "Avoine"]
[Date "2016.07.23"]
[Round "4.12"]
[White "Devallee, Jeremie"]
[Black "Trouve, Guillaume"]
[Result "1-0"]
[WhiteElo "2284"]
[BlackElo "2142"]
[PlyCount "53"]
[EventDate "2016.??.??"]

1. e4 c5 2. d4 cxd4 3. c3 dxc3 4. Nxc3 Nc6 5. Nf3 d6 6. Bc4 a6 7. O-O Nf6 8.
Bf4 Bg4 9. h3 Bh5 10. g4 Bg6 11. e5 dxe5 12. Nxe5 Nxe5 13. Bxe5 Qxd1 14. Rfxd1
e6 15. Be2 Nd7 16. Bg3 Be7 17. Bf3 Ra7 18. Rac1 Nc5 19. Na4 b6 20. Nxc5 bxc5
21. Bb8 Rd7 22. Bc6 O-O 23. Rxd7 Bg5 24. f4 Bf6 25. Be5 Rc8 26. Bxf6 gxf6 27.
Bb7 1-0

[Event "31è Open International d'Avoine 2016"]
[Site "Avoine"]
[Date "2016.07.23"]
[Round "4.13"]
[White "De Lussac, Rainier"]
[Black "Mancini, Mario"]
[Result "0-1"]
[WhiteElo "2121"]
[BlackElo "2278"]
[PlyCount "138"]
[EventDate "2016.??.??"]

1. d4 Nf6 2. Nf3 e6 3. c4 Nc6 4. g3 Bb4+ 5. Bd2 Qe7 6. Nc3 O-O 7. Bg2 d6 8. a3
Bxc3 9. Bxc3 a5 10. b4 Ne4 11. Bb2 axb4 12. O-O bxa3 13. Rxa3 Rxa3 14. Bxa3 e5
15. dxe5 Nxe5 16. Qd5 Nd7 17. Nd4 Ndc5 18. Rc1 c6 19. Qh5 Qf6 20. Nf3 Bf5 21.
Qh4 Qxh4 22. Nxh4 Be6 23. Bxe4 Nxe4 24. f3 Ra8 25. Bb4 c5 26. Be1 Nf6 27. Ng2
Kf8 28. Ne3 Nd7 29. Rb1 b6 30. g4 Ra4 31. Bg3 Ke7 32. Rd1 Ne5 33. Rb1 Rb4 34.
Rd1 g5 35. Kf2 Rb2 36. h4 h6 37. f4 Nxg4+ 38. Nxg4 Bxg4 39. fxg5 Rxe2+ 40. Kf1
hxg5 41. Bxd6+ Kf6 42. hxg5+ Kxg5 43. Bc7 Re6 44. Rb1 Be2+ 45. Kf2 Bxc4 46.
Bxb6 Rc6 47. Bd8+ Kf4 48. Rb7 Ke4 49. Rc7 Rxc7 50. Bxc7 Bb5 51. Ke1 Kd3 52. Kd1
f5 53. Kc1 c4 54. Bd6 Ba4 55. Bc7 c3 56. Be5 c2 57. Bd6 Bc6 58. Bb8 Be4 59. Bd6
Ke3 60. Bc5+ Ke2 61. Bd6 Bd3 62. Bc7 Be4 63. Bd6 Kf3 64. Kd2 f4 65. Be5 Kg4 66.
Bb2 Kg3 67. Ke1 Kg2 68. Bc1 f3 69. Be3 f2+ 0-1

[Event "31è Open International d'Avoine 2016"]
[Site "Avoine"]
[Date "2016.07.23"]
[Round "4.14"]
[White "Fruteau, Sabine"]
[Black "Djuric, Stefan"]
[Result "0-1"]
[WhiteElo "2094"]
[BlackElo "2420"]
[PlyCount "66"]
[EventDate "2016.??.??"]

1. e4 c5 2. Nf3 Nc6 3. Bb5 g6 4. O-O Bg7 5. c3 Nf6 6. Re1 O-O 7. d4 cxd4 8.
cxd4 d5 9. e5 Ne4 10. Nc3 Nxc3 11. bxc3 Na5 12. Bf4 a6 13. Bd3 Bg4 14. h3 Bxf3
15. Qxf3 Rc8 16. Rac1 e6 17. Qg3 Rc6 18. h4 Qc7 19. Bb1 Rc8 20. Re3 Nc4 21. Rf3
Na3 22. h5 Nb5 23. hxg6 hxg6 24. Qh4 Nxd4 25. cxd4 Rxc1+ 26. Kh2 Rxb1 27. Rh3
Kf8 28. Qh7 g5 29. Bxg5 Qc2 30. Qh4 Qe4 31. Be7+ Ke8 32. Qg5 Qg6 33. Qh4 Rcc1
0-1

[Event "31è Open International d'Avoine 2016"]
[Site "Avoine"]
[Date "2016.07.23"]
[Round "4.15"]
[White "Dumitrache, Dragos-Nicolae"]
[Black "Nguyen, Vincent"]
[Result "0-1"]
[WhiteElo "2416"]
[BlackElo "2090"]
[PlyCount "78"]
[EventDate "2016.??.??"]

1. d4 d5 2. c4 c6 3. Nf3 Nf6 4. e3 e6 5. Bd3 Nbd7 6. O-O Bd6 7. Nc3 dxc4 8.
Bxc4 b5 9. Bd3 O-O 10. e4 e5 11. Bg5 Re8 12. Kh1 exd4 13. Nxd4 Ne5 14. Bc2 Bc5
15. Nb3 Qxd1 16. Raxd1 Bb6 17. h3 Nc4 18. Bc1 Bb7 19. a3 a5 20. Nd2 Nxd2 21.
Bxd2 Rad8 22. f4 Ba6 23. Rfe1 b4 24. axb4 axb4 25. Na4 Bf2 26. Bxb4 Bxe1 27.
Rxe1 Bd3 28. Bxd3 Rxd3 29. Nc5 Rd4 30. Bc3 Rc4 31. Bxf6 Rxc5 32. Bc3 Rc4 33.
Re3 Rcxe4 34. Rg3 g6 35. f5 Re3 36. Rg4 R8e4 37. fxg6 Rxg4 38. gxf7+ Kxf7 39.
hxg4 Rg3 0-1

[Event "31è Open International d'Avoine 2016"]
[Site "Avoine"]
[Date "2016.07.23"]
[Round "4.16"]
[White "Ollier, Pablo"]
[Black "Ben-Abed, Mehdi"]
[Result "1-0"]
[WhiteElo "2362"]
[BlackElo "2086"]
[PlyCount "73"]
[EventDate "2016.??.??"]

1. d4 Nf6 2. c4 g6 3. Nc3 Bg7 4. e4 d6 5. Be2 O-O 6. f4 e5 7. fxe5 dxe5 8. d5
Na6 9. Bg5 h6 10. Bh4 Qe7 11. Nf3 g5 12. Bf2 Ng4 13. O-O Nxf2 14. Rxf2 g4 15.
Nd2 h5 16. Bd3 h4 17. Nf1 Bh6 18. Qe2 Qg5 19. g3 h3 20. Re1 Nc5 21. Bc2 a5 22.
Nd1 Qg6 23. Bb1 Bd7 24. Qc2 Rae8 25. Nfe3 Bxe3 26. Nxe3 f6 27. Ref1 Re7 28. b3
b6 29. a3 Qg5 30. Qc3 Qg6 31. Nf5 Bxf5 32. Rxf5 Kg7 33. b4 axb4 34. axb4 Nb7
35. c5 bxc5 36. bxc5 Qe8 37. Qc4 1-0

[Event "31è Open International d'Avoine 2016"]
[Site "Avoine"]
[Date "2016.07.23"]
[Round "4.17"]
[White "Burille, Matthieu"]
[Black "Braeuning, Rudolf Wilhelm"]
[Result "0-1"]
[WhiteElo "2069"]
[BlackElo "2358"]
[PlyCount "52"]
[EventDate "2016.??.??"]

1. e4 c5 2. Nf3 Nc6 3. Bb5 g6 4. O-O Bg7 5. Nc3 Nd4 6. Ba4 Qa5 7. Rb1 b5 8.
Nxd4 bxa4 9. Nf3 Rb8 10. Re1 Ba6 11. e5 Nh6 12. d4 O-O 13. dxc5 a3 14. Nd5 axb2
15. Bxh6 Bxh6 16. Nxe7+ Kh8 17. Qd4 Qb4 18. Nd5 Qxd4 19. Nxd4 Bc4 20. Nf6 Bxa2
21. Nxd7 Bxb1 22. Rxb1 Rb4 23. Nb3 Rd8 24. c6 Rc4 25. g3 Rxc6 26. Ndc5 Bc1 0-1

[Event "31è Open International d'Avoine 2016"]
[Site "Avoine"]
[Date "2016.07.23"]
[Round "4.18"]
[White "Shirazi, Kamran"]
[Black "Guerlach, Keigo"]
[Result "1/2-1/2"]
[WhiteElo "2350"]
[BlackElo "2075"]
[PlyCount "96"]
[EventDate "2016.??.??"]

1. d4 d5 2. Bg5 c6 3. Nc3 h6 4. Bh4 Bf5 5. Qd2 Nd7 6. f3 Ngf6 7. O-O-O e6 8. e4
dxe4 9. fxe4 Nxe4 10. Qe1 Nef6 11. d5 cxd5 12. Nxd5 Be7 13. Bxf6 gxf6 14. Ne3
Be4 15. Ne2 Qc7 16. Nd4 a6 17. Bd3 Qe5 18. Qc3 Bxd3 19. Rxd3 Nc5 20. Rdd1 Ne4
21. Qe1 O-O-O 22. Nf3 Qf4 23. Kb1 Bc5 24. Rd3 Rxd3 25. cxd3 Bxe3 26. dxe4 Qxe4+
27. Ka1 Qd3 28. Qg3 Rd8 29. a3 e5 30. Re1 Bd2 31. Rd1 Qc2 32. Rxd2 Rxd2 33.
Nxd2 Qxd2 34. Qg8+ Qd8 35. Qxf7 Kb8 36. Qh5 Qf8 37. Qf5 Qg7 38. h4 Qe7 39. g4
e4 40. Qf4+ Ka7 41. Qe3+ Ka8 42. Kb1 Qe6 43. Kc1 Qxg4 44. Qxh6 Qg1+ 45. Kd2
Qf2+ 46. Kc3 Qc5+ 47. Kd2 Qf2+ 48. Kc3 Qc5+ 1/2-1/2

[Event "31è Open International d'Avoine 2016"]
[Site "Avoine"]
[Date "2016.07.23"]
[Round "4.19"]
[White "Coiffait, Pierre-Basile"]
[Black "Deslandes, Pascal"]
[Result "1/2-1/2"]
[WhiteElo "2057"]
[BlackElo "2302"]
[PlyCount "83"]
[EventDate "2016.??.??"]

1. e4 e6 2. d4 d5 3. Nd2 c5 4. exd5 Qxd5 5. dxc5 Bxc5 6. Ngf3 Nf6 7. Bc4 Qc6 8.
Qe2 O-O 9. O-O Nbd7 10. Nb3 b6 11. Nxc5 Qxc5 12. Be3 Qc7 13. c3 Bb7 14. Nd4 Ne5
15. Bf4 Qxc4 16. Bxe5 Qxe2 17. Nxe2 Ne4 18. Rfd1 f6 19. Bf4 e5 20. Be3 Rfd8 21.
f3 Nd6 22. b3 Kf7 23. c4 Rac8 24. Nc3 g5 25. a4 Nf5 26. Bf2 Bc6 27. a5 Rxd1+
28. Nxd1 Nd4 29. axb6 axb6 30. Ra7+ Kg6 31. Bxd4 exd4 32. Kf2 b5 33. Ke2 bxc4
34. bxc4 h5 35. Kd3 g4 36. Nf2 gxf3 37. gxf3 Bxf3 38. Kxd4 Re8 39. Ra3 Bb7 40.
Re3 Rd8+ 41. Kc3 Kf5 42. Rh3 1/2-1/2

[Event "31è Open International d'Avoine 2016"]
[Site "Avoine"]
[Date "2016.07.23"]
[Round "4.20"]
[White "Lemasle, Raphael"]
[Black "Eden, James"]
[Result "0-1"]
[WhiteElo "2055"]
[BlackElo "2293"]
[PlyCount "82"]
[EventDate "2016.??.??"]

1. d4 d5 2. c4 c6 3. Nf3 Nf6 4. Qc2 dxc4 5. Qxc4 Bg4 6. Nbd2 Nbd7 7. g3 e6 8.
Bg2 Be7 9. O-O O-O 10. e4 c5 11. dxc5 Bxf3 12. Nxf3 Nxc5 13. Be3 Ncxe4 14. Rfd1
Qa5 15. Rac1 Rfd8 16. Nd4 Nd6 17. Qc7 Qxc7 18. Rxc7 Nf5 19. Rdc1 Bd6 20. Rxb7
Nxe3 21. fxe3 Rdb8 22. Nb5 Be5 23. Nxa7 Rxb7 24. Bxb7 Rb8 25. b4 Bd6 26. Bf3
Rxb4 27. Rc8+ Bf8 28. Nc6 Rb1+ 29. Kf2 Rb2+ 30. Kg1 g5 31. g4 Rxa2 32. Rc7 Bd6
33. Rc8+ Kg7 34. h3 Bg3 35. Nd8 Rd2 36. Nc6 Bf2+ 37. Kf1 Bxe3 38. Ke1 Rh2 39.
Rc7 Rxh3 40. Ne5 Rxf3 41. Nxf3 Nxg4 0-1

[Event "31è Open International d'Avoine 2016"]
[Site "Avoine"]
[Date "2016.07.23"]
[Round "4.21"]
[White "Vukojevic, Philippe"]
[Black "Bogdanov, Egor"]
[Result "0-1"]
[WhiteElo "2048"]
[BlackElo "2269"]
[PlyCount "106"]
[EventDate "2016.??.??"]

1. e4 c5 2. c3 Nf6 3. e5 Nd5 4. d4 cxd4 5. Qxd4 e6 6. Nf3 Nc6 7. Qe4 d6 8. g3
Be7 9. Bg2 O-O 10. O-O dxe5 11. Nxe5 Nxe5 12. Qxe5 Bf6 13. Qe2 Bd7 14. Rd1 Qc7
15. Na3 Ba4 16. Rd3 Rfd8 17. Be3 Nxe3 18. Qxe3 Rxd3 19. Qxd3 Rd8 20. Qe4 Bc6
21. Qe2 Bxg2 22. Kxg2 Qd7 23. Nc2 Qd2 24. Kf1 Qd5 25. Kg1 Qa5 26. a3 Qb6 27.
Ne1 e5 28. Rc1 e4 29. Rc2 Re8 30. Qe3 Qa5 31. c4 Bg5 32. f4 Bf6 33. b4 Qa4 34.
Re2 a5 35. Qb6 Qxa3 36. bxa5 Qc3 37. Qb5 Bd4+ 38. Kf1 Kf8 39. a6 bxa6 40. Qxa6
Bc5 41. Qa2 Qd4 42. Kg2 f5 43. Kh3 Re6 44. Nf3 Qd1 45. Nh4 Qf1+ 46. Rg2 g6 47.
Qa8+ Kf7 48. Qb7+ Be7 49. c5 e3 50. Nf3 h6 51. Ne5+ Rxe5 52. fxe5 g5 53. g4
fxg4+ 0-1

[Event "31è Open International d'Avoine 2016"]
[Site "Avoine"]
[Date "2016.07.23"]
[Round "4.22"]
[White "Belenkaya, Dina"]
[Black "Harutyunyan, Ruben"]
[Result "1-0"]
[WhiteElo "2249"]
[BlackElo "2032"]
[PlyCount "157"]
[EventDate "2016.??.??"]

1. e4 c5 2. Nf3 d6 3. Bb5+ Bd7 4. Bxd7+ Qxd7 5. O-O Nc6 6. Qe2 Nf6 7. Rd1 e6 8.
d4 cxd4 9. Nxd4 Be7 10. c4 Rc8 11. Nc3 a6 12. Nf3 Qc7 13. Bd2 O-O 14. Rac1 Qb8
15. Bf4 Ne5 16. Nxe5 dxe5 17. Be3 Rc6 18. a4 Qc7 19. b3 Nd7 20. Qb2 Rd6 21.
Rxd6 Bxd6 22. Rd1 Bb4 23. Qc2 Nb8 24. Na2 Bc5 25. Bxc5 Qxc5 26. b4 Qc7 27. c5
Nc6 28. Qc4 Rd8 29. Rxd8+ Qxd8 30. b5 axb5 31. axb5 Nd4 32. Qa4 h6 33. Nc3 Qg5
34. Qd1 Qe7 35. c6 bxc6 36. b6 Qb4 37. Qb1 Qxb1+ 38. Nxb1 c5 39. Na3 Nc6 40.
Kf1 Kf8 41. Ke2 Ke7 42. Kd3 Na5 43. Nc4 Nc6 44. b7 Kd7 45. Na5 Nb8 46. Kc4 Kc7
47. Kxc5 f6 48. Kb5 h5 49. h4 g5 50. hxg5 fxg5 51. f3 h4 52. Nb3 Kxb7 53. Nc5+
Kc7 54. Nxe6+ Kd6 55. Nxg5 Nd7 56. Kc4 Nf8 57. Kd3 Ng6 58. Nh3 Ke6 59. Ke3 Kf6
60. Kf2 Ne7 61. Ke2 Kg6 62. Ke3 Kf6 63. Nf2 Ng6 64. Nh3 Ne7 65. f4 exf4+ 66.
Nxf4 Nc6 67. Nh3 Ne5 68. Ng1 Ng6 69. Nf3 Ke7 70. e5 Kf7 71. Ke4 Ke6 72. Ng5+
Kd7 73. Kf5 Ne7+ 74. Kf6 Nd5+ 75. Kf7 Nf4 76. e6+ Nxe6 77. Nxe6 Kd6 78. Kf6 Kd5
79. Kf5 1-0

[Event "31è Open International d'Avoine 2016"]
[Site "Avoine"]
[Date "2016.07.23"]
[Round "4.23"]
[White "Frick, Christoph"]
[Black "Midy, Robin"]
[Result "1/2-1/2"]
[WhiteElo "2245"]
[BlackElo "2006"]
[PlyCount "119"]
[EventDate "2016.??.??"]

1. d4 Nf6 2. Bf4 e6 3. e3 c5 4. c3 Nd5 5. Bg3 h5 6. e4 Nf6 7. f3 d5 8. e5 h4 9.
Bf2 Nh5 10. Qd2 g6 11. f4 cxd4 12. cxd4 Ng7 13. Nc3 Nf5 14. Nf3 Be7 15. Bd3 Nc6
16. Rc1 Bd7 17. O-O a6 18. g4 hxg3 19. hxg3 Kf8 20. Kg2 Kg7 21. Rh1 Qb6 22. g4
Nh6 23. f5 exf5 24. Nxd5 Qd8 25. Nxe7 fxg4 26. Bh4 gxf3+ 27. Kg3 Nxe7 28. Bf6+
Kf8 29. Rxh6 Rg8 30. Rh7 Bb5 31. Kxf3 Qxd4 32. Rxf7+ Kxf7 33. Bxg6+ Rxg6 34.
Qxd4 Bc6+ 35. Kf2 Rg2+ 36. Kf1 Rag8 37. e6+ Ke8 38. a4 R8g4 39. Rxc6 Rxd4 40.
Rc7 Rf4+ 41. Kxg2 Rxf6 42. Rxb7 Rxe6 43. b4 Nd5 44. b5 a5 45. Ra7 Ne3+ 46. Kg3
Nc4 47. Kf4 Kd8 48. Kf5 Re7 49. Ra6 Kc8 50. Kf6 Rc7 51. Ke6 Kb7 52. Kd5 Nb6+
53. Ke6 Nc4 54. Kd5 Nb6+ 55. Ke6 Nxa4 56. Rxa5 Nc3 57. Kd6 Rc4 58. Ke5 Kb6 59.
Ra8 Nxb5 60. Ra1 1/2-1/2

[Event "31è Open International d'Avoine 2016"]
[Site "Avoine"]
[Date "2016.07.23"]
[Round "4.24"]
[White "Bonnaud, Remy"]
[Black "Sauvaget, Franck"]
[Result "1-0"]
[WhiteElo "2237"]
[BlackElo "2002"]
[PlyCount "53"]
[EventDate "2016.??.??"]

1. d4 e6 2. Bf4 d5 3. e3 Nf6 4. a3 c5 5. Nf3 Bd6 6. dxc5 Bxc5 7. c4 O-O 8. Nc3
a6 9. Qc2 dxc4 10. Bxc4 Nbd7 11. Rd1 b5 12. Bd3 h6 13. Ne4 Qb6 14. Ne5 Nxe5 15.
Bxe5 Nd7 16. Nxc5 Nxe5 17. Bh7+ Kh8 18. Be4 Rb8 19. b4 f5 20. Qc3 Qc7 21. Bb1
Bb7 22. f4 Bxg2 23. Rg1 Nf3+ 24. Kf2 Nxg1 25. Rd7 Nh3+ 26. Kxg2 Qc6+ 27. Be4
1-0

[Event "31è Open International d'Avoine 2016"]
[Site "Avoine"]
[Date "2016.07.23"]
[Round "4.25"]
[White "Lukasiewicz, Krzysztof"]
[Black "Mirimanian, Hayk"]
[Result "1-0"]
[WhiteElo "2002"]
[BlackElo "2221"]
[PlyCount "63"]
[EventDate "2016.??.??"]

1. e4 c6 2. d4 g6 3. Nc3 Bg7 4. Nf3 d6 5. Be2 b5 6. a4 b4 7. Na2 a5 8. c3 bxc3
9. Nxc3 Qb6 10. O-O Bg4 11. Be3 Nf6 12. Qd2 O-O 13. h3 Bxf3 14. Bxf3 Na6 15.
Rfc1 Rfd8 16. Qe2 Rab8 17. e5 Nd5 18. Bxd5 cxd5 19. Nxd5 Qb7 20. Nxe7+ Qxe7 21.
Qxa6 dxe5 22. Qxa5 exd4 23. Bg5 f6 24. Rc7 Rd7 25. Bf4 Rxb2 26. Re1 Qd8 27.
Rxd7 Qxd7 28. Qa8+ Bf8 29. Bh6 Qd6 30. Bxf8 Rb8 31. Bxd6 Rxa8 32. Ra1 1-0

[Event "31è Open International d'Avoine 2016"]
[Site "Avoine"]
[Date "2016.07.23"]
[Round "4.26"]
[White "Roux, Baptiste"]
[Black "Lukasiewicz, Grzegorz"]
[Result "0-1"]
[WhiteElo "1749"]
[BlackElo "2211"]
[PlyCount "88"]
[EventDate "2016.??.??"]

1. e4 c6 2. Nc3 g6 3. Nf3 d5 4. d4 Bg7 5. h3 dxe4 6. Nxe4 Bf5 7. Ng3 Be6 8. Be3
Nf6 9. Ng5 Bc8 10. Bc4 O-O 11. c3 Nd5 12. O-O b5 13. Bb3 a5 14. a3 Ba6 15. Qd2
Nd7 16. N5e4 b4 17. Rfe1 bxc3 18. bxc3 Nxe3 19. Qxe3 Qc7 20. Ng5 e5 21. Qf3 Nb6
22. dxe5 Bxe5 23. Nf5 Nd5 24. Bxd5 cxd5 25. Nh6+ Kg7 26. Nhxf7 Rae8 27. Qxd5
Bc4 28. Qf3 Bxf7 29. Nxf7 Rxf7 30. Qd3 Rfe7 31. Kh1 Qxc3 32. Qxc3 Bxc3 33.
Rxe7+ Rxe7 34. Rc1 Re1+ 35. Rxe1 Bxe1 36. a4 Bxf2 37. g4 Kf6 38. Kg2 Bh4 39.
Kf3 Ke5 40. Ke3 Bg5+ 41. Kf3 h6 42. Kg3 Ke4 43. h4 Bc1 44. h5 g5 0-1

[Event "31è Open International d'Avoine 2016"]
[Site "Avoine"]
[Date "2016.07.23"]
[Round "4.27"]
[White "Meunier-Pion, Jean"]
[Black "Vekemans, Denis"]
[Result "1-0"]
[WhiteElo "2211"]
[BlackElo "1981"]
[PlyCount "51"]
[EventDate "2016.??.??"]

1. e4 d5 2. exd5 Qxd5 3. Nc3 Qd6 4. d4 Nf6 5. Bc4 Bg4 6. f3 Bh5 7. Nge2 c6 8.
Bf4 Qb4 9. Bb3 Nbd7 10. Qd2 e6 11. Bc7 Nb6 12. a3 Qe7 13. Be5 O-O-O 14. O-O-O
Nfd5 15. Ne4 Bg6 16. Qa5 Bxe4 17. fxe4 Nc7 18. Qxa7 Nba8 19. Rhf1 Qg5+ 20. Kb1
Bd6 21. Rxf7 Rhe8 22. Bxd6 Rxd6 23. e5 Rdd8 24. Nf4 Qg4 25. Rf1 g5 26. h3 1-0

[Event "31è Open International d'Avoine 2016"]
[Site "Avoine"]
[Date "2016.07.23"]
[Round "4.28"]
[White "Eugene, Floryan"]
[Black "Taille, Jean-Yves"]
[Result "1-0"]
[WhiteElo "2199"]
[BlackElo "1947"]
[PlyCount "101"]
[EventDate "2016.??.??"]

1. e4 c5 2. Nf3 d6 3. d4 cxd4 4. Qxd4 Nc6 5. Bb5 Bd7 6. Bxc6 Bxc6 7. Nc3 Nf6 8.
Bg5 e6 9. Qd3 Be7 10. Nd4 Qc7 11. O-O-O O-O 12. f4 a6 13. h4 Rac8 14. Nxc6 Qxc6
15. e5 dxe5 16. fxe5 Rfd8 17. Qe2 Rxd1+ 18. Rxd1 Nd5 19. Bxe7 Nxe7 20. Ne4 Nd5
21. c3 b5 22. Rd4 h6 23. Kb1 Rc7 24. Qd3 Kf8 25. g4 Ke7 26. g5 hxg5 27. Qg3
gxh4 28. Qxg7 Kd8 29. Nd6 Rd7 30. Qf8+ Kc7 31. Qc8+ Kb6 32. Qb8+ Ka5 33. Nc4+
Qxc4 34. b4+ Ka4 35. Rxc4 bxc4 36. Kb2 Nc7 37. Qb7 Rd2+ 38. Kb1 Ka3 39. Qxc7
Rb2+ 40. Kc1 Rxa2 41. Qxc4 Ra1+ 42. Kc2 Ra2+ 43. Kd3 h3 44. Qxa6+ Kb2 45. Qb6
h2 46. Qf2+ Kb3 47. Qf1 Rf2 48. Qe1 Ka3 49. b5 Rg2 50. Qh1 Rb2 51. Kc4 1-0

[Event "31è Open International d'Avoine 2016"]
[Site "Avoine"]
[Date "2016.07.23"]
[Round "4.30"]
[White "Malassagne, Raphael"]
[Black "Kozlowski, Thierry"]
[Result "1-0"]
[WhiteElo "2163"]
[BlackElo "1943"]
[PlyCount "61"]
[EventDate "2016.??.??"]

1. Nf3 Nf6 2. c4 c5 3. Nc3 e6 4. d4 cxd4 5. Nxd4 a6 6. g3 Qc7 7. e3 b6 8. Bg2
Bb7 9. Bxb7 Qxb7 10. O-O Be7 11. b3 h5 12. Bb2 h4 13. Qf3 Qxf3 14. Nxf3 hxg3
15. hxg3 Nc6 16. Kg2 O-O-O 17. Rad1 Rh5 18. Ne2 g5 19. Rh1 g4 20. Nfd4 Rdh8 21.
Rxh5 Rxh5 22. Nxc6 dxc6 23. Nf4 Rh6 24. Nd3 Ne4 25. Ne5 Nxf2 26. Rf1 f6 27.
Nxc6 Nd3 28. Nxe7+ Kd7 29. Ng8 Rg6 30. Nxf6+ Ke7 31. Ba3+ 1-0

[Event "31è Open International d'Avoine 2016"]
[Site "Avoine"]
[Date "2016.07.23"]
[Round "4.31"]
[White "Kassis, Antoine"]
[Black "Ghazaleh, Wissam"]
[Result "1-0"]
[WhiteElo "2148"]
[BlackElo "1813"]
[PlyCount "69"]
[EventDate "2016.??.??"]

1. d4 Nf6 2. c4 g6 3. Nc3 d5 4. cxd5 Nxd5 5. Bd2 Bg7 6. e4 Nb6 7. Be3 O-O 8. h3
Nc6 9. Nf3 Qd7 10. Rc1 a6 11. Be2 Rd8 12. d5 Ne5 13. Nxe5 Bxe5 14. f4 Bg7 15.
O-O Qe8 16. Qb3 e6 17. Bxb6 cxb6 18. Qxb6 exd5 19. Nxd5 Be6 20. Bf3 Bxd5 21.
exd5 Qa4 22. Qxb7 Rab8 23. Qc7 Bxb2 24. Rc4 Qxa2 25. d6 Qa3 26. d7 Qe7 27. Rd1
Qe3+ 28. Kh1 Qb3 29. Re4 Bf6 30. Rde1 Kg7 31. Re8 Qd3 32. Qc5 h5 33. Qf8+ Kh7
34. Qxf7+ Bg7 35. Qg8+ 1-0

[Event "31è Open International d'Avoine 2016"]
[Site "Avoine"]
[Date "2016.07.23"]
[Round "4.32"]
[White "Rodriguez Rodriguez, Antonio"]
[Black "Renard, Emmanuel"]
[Result "1/2-1/2"]
[WhiteElo "2141"]
[BlackElo "1639"]
[PlyCount "90"]
[EventDate "2016.??.??"]

1. d4 Nf6 2. Bg5 c6 3. Bxf6 gxf6 4. e3 d5 5. c4 Bf5 6. Nc3 e6 7. cxd5 cxd5 8.
Qb3 Qe7 9. a3 Nc6 10. Nge2 Rc8 11. Ng3 Bg6 12. h4 h5 13. Be2 Qc7 14. Qd1 Na5
15. Bxh5 Nc4 16. Qa4+ Kd8 17. Bxg6 Nxb2 18. Qb3 fxg6 19. Nge2 Nc4 20. Nf4 Qf7
21. Ke2 g5 22. hxg5 Rxh1 23. g6 Rxa1 24. gxf7 b6 25. Ng6 Rxa3 26. Qb5 Nd6 27.
Qb4 Raxc3 28. Nxf8 Rc2+ 29. Kf3 Ke7 30. Nh7 R2c6 31. f8=Q+ Rxf8 32. Nxf8 Kxf8
33. g4 Kf7 34. Qb1 a5 35. Qh7+ Ke8 36. Qg7 Ne4 37. Kf4 a4 38. f3 Nc3 39. Qxf6
a3 40. Qh8+ Kd7 41. Qa8 a2 42. Ke5 b5 43. Qa7+ Rc7 44. Qa6 Rc6 45. Qa7+ Rc7
1/2-1/2

[Event "31è Open International d'Avoine 2016"]
[Site "Avoine"]
[Date "2016.07.23"]
[Round "4.33"]
[White "Nortier, Julien"]
[Black "Ronce, Nathan"]
[Result "0-1"]
[WhiteElo "1480"]
[BlackElo "2122"]
[PlyCount "38"]
[EventDate "2016.??.??"]

1. d4 d5 2. c4 c6 3. Nc3 Nf6 4. Nf3 dxc4 5. a4 Bf5 6. Bg5 Ne4 7. Nxe4 Bxe4 8.
e3 Bxf3 9. gxf3 Qa5+ 10. Qd2 Qxg5 11. Qb4 b6 12. Bxc4 Qa5 13. Qxa5 bxa5 14. Rc1
e6 15. Ke2 Bb4 16. d5 exd5 17. Bxd5 O-O 18. Bxc6 Nxc6 19. Rxc6 Rac8 0-1

[Event "31è Open International d'Avoine 2016"]
[Site "Avoine"]
[Date "2016.07.23"]
[Round "4.34"]
[White "Sochacki, Wojtek"]
[Black "Crook, Oliver-James"]
[Result "1-0"]
[WhiteElo "2410"]
[BlackElo "1881"]
[PlyCount "88"]
[EventDate "2016.??.??"]

1. b3 Nf6 2. Bb2 c5 3. Nf3 Nc6 4. e3 d5 5. Bb5 Bg4 6. h3 Bd7 7. O-O g5 8. Bxc6
bxc6 9. Ne5 Rg8 10. Nxd7 Qxd7 11. Bxf6 exf6 12. Nc3 Bd6 13. e4 d4 14. Na4 O-O-O
15. Qg4 Qe6 16. g3 h5 17. Qxe6+ fxe6 18. Kg2 e5 19. Rh1 Kc7 20. Rae1 Rdf8 21.
Nb2 Rf7 22. Nd3 Kb6 23. f3 Rfg7 24. Kf2 Bf8 25. Reg1 h4 26. gxh4 gxh4 27. Rg4
Rg5 28. Ke2 Bh6 29. Nb2 Rxg4 30. fxg4 Rd8 31. Rf1 Bg5 32. Rf5 Kb5 33. Kd3 Rd6
34. a3 Re6 35. Nc4 Ka6 36. a4 Kb7 37. Nb2 Kb6 38. Rf2 Re8 39. Kc4 d3 40. Nxd3
Rd8 41. c3 a5 42. Nxc5 Bxd2 43. Rxf6 Be1 44. Nd3 Re8 1-0

[Event "31è Open International d'Avoine 2016"]
[Site "Avoine"]
[Date "2016.07.23"]
[Round "4.35"]
[White "Doluhanova, Evgeniya"]
[Black "Safa, Cyrille"]
[Result "1-0"]
[WhiteElo "2269"]
[BlackElo "1857"]
[PlyCount "69"]
[EventDate "2016.??.??"]

1. e4 e6 2. d4 d5 3. Bd3 dxe4 4. Bxe4 Nf6 5. Bf3 c5 6. Ne2 cxd4 7. Qxd4 Qxd4 8.
Nxd4 a6 9. Nc3 e5 10. Nb3 Bb4 11. Bd2 Nc6 12. O-O-O O-O 13. a3 Bxc3 14. Bxc3 e4
15. Be2 Ng4 16. Be1 Re8 17. h3 Nge5 18. Bc3 b5 19. Nc5 Bf5 20. Rd6 Rec8 21.
Rhd1 f6 22. g4 Bg6 23. h4 h5 24. gxh5 Bf5 25. Rg1 Kh7 26. Ne6 Ra7 27. Nf4 Rac7
28. Nd5 Rd7 29. Rxd7 Nxd7 30. Ne3 Be6 31. Rd1 Nde5 32. Rd6 Bf7 33. Ng4 Nxg4 34.
Bxg4 Rc7 35. Bf5+ 1-0

[Event "31è Open International d'Avoine 2016"]
[Site "Avoine"]
[Date "2016.07.23"]
[Round "4.36"]
[White "Giacomini, Hector"]
[Black "Rioland, Paul"]
[Result "1-0"]
[WhiteElo "2239"]
[BlackElo "1851"]
[PlyCount "53"]
[EventDate "2016.??.??"]

1. d4 Nf6 2. c4 e6 3. Nc3 Bb4 4. e3 b6 5. Bd2 Bb7 6. Nf3 O-O 7. Bd3 d5 8. O-O
c5 9. a3 cxd4 10. exd4 dxc4 11. Bxc4 Be7 12. Bg5 Nc6 13. Re1 Na5 14. Ba2 Bxf3
15. Qxf3 Qxd4 16. b4 Rac8 17. Ne2 Qe5 18. Bf4 Qb5 19. bxa5 Qxa5 20. Nd4 Rc3 21.
Qe2 Bc5 22. Nb5 Ne4 23. Qxe4 Qxb5 24. Be5 Rxa3 25. Qg4 g6 26. Qh4 Rc8 27. Qf6
1-0

[Event "31è Open International d'Avoine 2016"]
[Site "Avoine"]
[Date "2016.07.23"]
[Round "4.37"]
[White "Travadon, Loic"]
[Black "Francez, Theo"]
[Result "1-0"]
[WhiteElo "2218"]
[BlackElo "1849"]
[PlyCount "61"]
[EventDate "2016.??.??"]

1. e4 e6 2. d4 d5 3. Nd2 Nc6 4. Ngf3 Nf6 5. e5 Nd7 6. Bd3 f6 7. exf6 Qxf6 8.
Nf1 Nb4 9. Be2 c5 10. c3 Nc6 11. Ng3 Bd6 12. O-O O-O 13. Bd3 h6 14. Bb1 Re8 15.
Re1 Nf8 16. Ne5 Nxe5 17. dxe5 Bxe5 18. Nh5 Bxh2+ 19. Kxh2 Qxf2 20. Re3 Qf7 21.
Rg3 g5 22. Bxg5 hxg5 23. Rxg5+ Kh8 24. Rg7 Qxg7 25. Nxg7 Kxg7 26. Bd3 Bd7 27.
Qg4+ Kf7 28. Qg5 Re7 29. Rf1+ Ke8 30. Qg8 Rh7+ 31. Bxh7 1-0

[Event "31è Open International d'Avoine 2016"]
[Site "Avoine"]
[Date "2016.07.23"]
[Round "4.38"]
[White "Gerard, Nicolas"]
[Black "Oney, Remel"]
[Result "1-0"]
[WhiteElo "2192"]
[BlackElo "1844"]
[PlyCount "63"]
[EventDate "2016.??.??"]

1. d4 Nf6 2. c4 b6 3. Nc3 Bb7 4. Qc2 d5 5. Bf4 c6 6. e3 dxc4 7. Bxc4 b5 8. Bd3
e6 9. Nf3 Be7 10. e4 h6 11. O-O O-O 12. Rfc1 Na6 13. Qe2 Qa5 14. a3 Rfd8 15. b4
Qb6 16. h3 Rd7 17. Qe3 Rad8 18. e5 Nh7 19. Bxh6 gxh6 20. Qxh6 Nf8 21. Ne4 f5
22. exf6 Bxb4 23. axb4 Nxb4 24. Bb1 Nd5 25. Neg5 Nxf6 26. Qxf6 b4 27. Ba2 b3
28. Rab1 bxa2 29. Rxb6 axb6 30. Nxe6 Ra8 31. Ra1 Rf7 32. Qg5+ 1-0